| Tag |
First Indicator |
Second Indicator |
Subfields |
| LEADER |
00000cam a2200000 4500 |
| 001 |
in00000050483 |
| 005 |
20151007071848.0 |
| 008 |
730223s1965 nyua b 00000 eng u |
| 010 |
|
|
|a 65012768
|
| 035 |
|
|
|a (OCoLC)00563454
|
| 035 |
|
|
|9 AAE6777AM
|
| 040 |
|
|
|c WSU
|d TXA
|d UtOrBLW
|
| 049 |
|
|
|a TXAM
|c 1 [451346]
|c 2 [451347]
|
| 050 |
|
0 |
|a QP801.A5
|b M372
|
| 092 |
|
|
|a 574.19296
|b M515b, 1965
|
| 100 |
1 |
|
|a Meister, Alton.
|
| 245 |
1 |
0 |
|a Biochemistry of the amino acids.
|
| 250 |
|
|
|a 2d ed.
|
| 264 |
|
1 |
|a New York :
|b Academic Press,
|c 1965.
|
| 300 |
|
|
|a 2 volumes :
|b illustrations ;
|c 24 cm.
|
| 336 |
|
|
|a text
|b txt
|2 rdacontent
|
| 337 |
|
|
|a unmediated
|b n
|2 rdamedia
|
| 338 |
|
|
|a volume
|b nc
|2 rdacarrier
|
| 504 |
|
|
|a Includes bibliographies.
|
| 650 |
|
0 |
|a Amino acids.
|
| 999 |
|
|
|a MARS
|
| 999 |
f |
f |
|s 2394b895-e6ad-32d0-9714-a8880b627874
|i 519597cc-91c7-3a9f-977b-8c9bba6c7d1d
|t 0
|
| 952 |
f |
f |
|p ric
|a Texas A&M University
|b Rellis Campus
|c Joint Library Facility
|d Remote Storage
|t 0
|e QP801.A5 M372
|h Library of Congress classification
|i unmediated -- volume
|m A14800974248
|
| 998 |
f |
f |
|a QP801.A5 M372
|t 0
|l Remote Storage
|